| 000 | 00806nam a2200229 a 4500 | ||
|---|---|---|---|
| 001 | 41142 | ||
| 003 | BD-RjUL | ||
| 005 | 20211209053333.0 | ||
| 008 | 160516s1970 bg ||||| |||| 00| f ben d | ||
| 020 | _cTk. 3.00 | ||
| 035 | _a(BD-RjUL)41258 | ||
| 040 |
_aBD-RjUL _bben _cBD-RjUL _dBD-RjUL |
||
| 041 | _aben | ||
| 082 |
_223 _a891.443 _bMIB 1970 |
||
| 100 |
_aমিয়া, বন্দে আলী _9118873 |
||
| 245 |
_aবসন্ত জাগ্রত দ্বারে / _cবন্দে আলী মিয়া |
||
| 260 |
_aঢাকা : _bনওরোজ কিতাবিস্তান, _c১৯৭০ |
||
| 300 |
_a[৪], ১৫৬ পৃ. ; _c২৩ সেমি. |
||
| 650 |
_aবাংলা উপন্যাস _9126550 |
||
| 650 |
_aBengali Fiction _9126551 |
||
| 942 |
_2ddc _cBK |
||
| 999 |
_c41142 _d41142 |
||